000 00349pam a2200157a 44500
008 230515b1987 xxu||||| |||| 00| 0 eng d
020 _aNULL
041 _aENGLISH
082 _a630
100 _a10201-1987
245 _aGUIDELINES ON QUALITY ASSURANCE SYSTEMS
250 _a0
260 _aDELHI
_bISI
_c1987
300 _a23
650 _aNULL
999 _c651842
_d651842